Deutsche Lieder nach Buchstabe - M - Statistiken

Allgemein
  • Dieses Quiz wurde 241 mal gespielt
  • Das Durchschnittsergebnis liegt bei 6 aus 18
Antwortstatistiken
Titel Interpret % Korrekt
Mensch Herbert Grönemeyer
71%
Major Tom (Völlig losgelöst) Peter Schilling
70%
Moskau Dschinghis Khan
66%
Monsta Culcha Candela
60%
Marmor, Stein und Eisen bricht Drafi Deutscher
60%
Mief! (Nimm mich jetzt, auch wenn ich stinke!) Die Doofen
57%
Musik sein Wincent Weiss
43%
Macho Macho Rainhard Fendrich
40%
Michaela Bata Ilic
36%
Millionen Lichter Christina Stürmer
36%
Mein Herz Beatrice Egli
24%
Mädchen Lucilectric
18%
Mädchen von Haithabu Santiano
16%
Macht kaputt, was euch kaputt macht Ton Steine Scherben
16%
Meine Soldaten Maxim
14%
Morgens immer müde Laing
7%
Meine Sache Broilers
5%
Meine Stadt Auletta
0%
Keine übereinstimmenden Quizze gefunden
Verteilung der Resultate
Anzahl Personen mit jedem Resultat
Perzentil nach korrekt beantworteten Fragen
Ihre Resultats-Entwicklung
Sie haben dieses Quiz noch nicht gespielt